000 00502nam a2200169Ia 4500
999 _c36767
_d36767
003 OSt
005 20201201135050.0
008 190216s9999||||xx |||||||||||||| ||und||
040 _coclc
082 _a615.532
_bCHA/H
100 _aChappell, Peter
_97103
245 0 _aHealing With Homeopathy /
_cPeter Chappell ; David Andrews
260 _bJaico Publishing House,
_aMumbai:
_c1999.
300 _a119p
650 _aEnglish
942 _cBK
_2ddc
_h615.532
_iCHA/H
_k615.532
_mCHA/H